000
00254nam a2200097Ia 4500
001
650102
005
20250826154353.0
008
250824s9999 xx 000 0 und d
245
0
_a
Suna nın Serçeleri Gökkuş Diz
_c
Gülten Dayıoğlu
260
_b
ALTIN
999
_c
650102
_d
650102